|
|
|
|
| LEADER |
00000nab a2200000 a 4500 |
| 001 |
vtls000762666 |
| 003 |
SK-MaSNL |
| 005 |
20260304112019.0 |
| 008 |
250429c2001 xo 0 slo |
| 015 |
|
|
|a SNBRB2001/07-20960
|
| 035 |
|
|
|a CLN000114453
|
| 035 |
|
|
|a urn:nbn:sk:snk-ab9jd8
|
| 035 |
|
|
|a (urnnbn)urn:nbn:sk:snk:ar-a08gut
|
| 035 |
|
|
|a (uuid)4484af5b-bc98-4453-9329-17215e1c4707
|
| 040 |
|
|
|a SNKBUCL
|b slo
|c SNKBUCL
|e AACR2
|
| 041 |
0 |
|
|a slo
|
| 044 |
|
|
|a xo
|c SK
|
| 080 |
|
|
|a 161.1
|2 1997
|
| 100 |
1 |
|
|a Sousedík, Stanislav,
|d 1931-
|4 aut
|9 100754
|
| 245 |
1 |
0 |
|a O aristotelovskom chápaní predikácie
|n (II)
|c Stanislav Sousedík, Pavel Cmorej
|
| 650 |
0 |
7 |
|a predikácia identická
|x dialógy
|2 snkbucl
|9 1413370
|
| 650 |
0 |
7 |
|a entity
|x vzťahy
|2 snkbucl
|9 1413371
|
| 655 |
|
7 |
|a články z novín a časopisov
|2 snkbucl
|9 267496
|
| 700 |
1 |
|
|a Cmorej, Pavel,
|d 1937-2025
|4 aut
|9 125825
|
| 773 |
0 |
|
|t ORGANON F
|g Roč. 8, č. 1 (2001), s. 40-55
|x 1335-0668
|
| 850 |
|
|
|a Slovenská národná knižnica
|
| 852 |
|
|
|a Slovenská národná knižnica
|
| 954 |
|
|
|a odborná, vedecká literatúra pôvodná (slovenská)
|2 lita
|
| 958 |
|
|
|a article13
|
| 958 |
|
|
|a OND
|
| 958 |
|
|
|a EUIPO
|
| 992 |
|
|
|a RBX
|
| 999 |
|
|
|c 2863913
|d 2865843
|